| 000 | 00840cam a2200253 a 4500 | ||
|---|---|---|---|
| 001 | 000002605 | ||
| 005 | 20200929150224.0 | ||
| 008 | 000218s1999 sp a b 000 d spa | ||
| 020 | _a8437617456 | ||
| 040 |
_aDO-SdBNP _bspa _dBNPHU |
||
| 082 |
_a862.64 _bP371j |
||
| 100 | 1 |
_aPedrero, Paloma, _d1957- _98209 |
|
| 245 | 1 | 0 |
_aJuego de noches : _bnueve obras en un acto / _cPaloma Pedrero ; edición de Virtudes Serrano. |
| 260 |
_aMadrid : _bCátedra, _c1999. |
||
| 300 |
_a273 p. : _bil. ; _c18 cm. |
||
| 490 | 1 |
_aLetras hispánicas _v490 |
|
| 504 | _aIncluye referencias bibliográficas. | ||
| 650 | 4 |
_aTeatro español _93071 |
|
| 650 | 4 |
_aLiteratura española _9632 |
|
| 600 | 1 | 0 |
_aPEDRERO, PALOMA, _d1957- _98210 |
| 650 | 4 |
_aCrítica teatral _98211 |
|
| 700 | 1 |
_aSerrano, Virtudes, _eed. _98212 |
|
| 830 | 0 |
_aLetras hispánicas ; _v490 _94208 |
|
| 999 |
_c2441 _d2441 |
||